| 000 | 04755nam a22003977a 4500 | ||
|---|---|---|---|
| 005 | 20101005135535.0 | ||
| 010 | _aB-401172-189 | ||
| 020 |
_a9789350001271 _c425.00 |
||
| 035 | _aB-401172-189 | ||
| 037 | _bवाणी प्रकाशन/ PUB | ||
| 100 |
_aअग्रवाल, प्रमोद कुमार _922863 |
||
| 245 |
_aप्रकाश / _cप्रमोद कुमार अग्रवाल |
||
| 260 |
_aनई दिल्ली _bवाणी प्रकाशन _c2009 |
||
| 270 |
_a4695, ए-21, दरियागंज _bनई दिल्ली _e110002 |
||
| 300 |
_a304पृ _c22सेमी (सजिल्द) |
||
| 942 |
_2ddc _cHN _mअग्रवा _hउ |
||
| 999 |
_c34331 _d34331 |
||